000 00936nam a2200229 a 4500
999 _c4021
_d4021
001 4021
003 BD-JhCC
005 20171121103106.0
008 171121s ii a|||| ||a| 000 0 bg d
035 _a(BD-JhCC)4021
040 _aBD-JhCC
_dBD-JhCC
041 _aben
082 _a031
_bBIS
100 _aছোটদের বিশ্বকোষ
245 _aছোটদের বিশ্বকোষ তৃতীয় খণ্ড /
_cশ্রীক্ষিতিন্দ্রনারায়ণ ভট্টচার্য সম্পদিত
260 _aকলিকাতা :
_bমডার্ণ বুক এজেন্সী প্রাইভেট লিঃ,
300 _a952 p. :
_c24 cm.
650 _aChilderns Encyclopedia
700 _aভট্টচার্য, শ্রীক্ষিতিন্দ্রনারায়ণ সম্পদিত
942 _2ddc
_cBK